000 00612cam a22002291 4500
001 sa 68013037
003 DLC
005 20260227112619.0
008 860501s1965 io a 000 1 ind
010 _asa 68013037
025 _aPL480:Indo-3131
035 _a(OCoLC)13518348
040 _aDLC
_cIDeKN
_dWU
_dDLC
042 _apremarc
050 0 0 _aPL5089.S44
_bK3 1965
100 0 _aSelasih.
245 1 0 _aKalau tak untung /
_cdiberi bergambar 5 buah oleh Dahlan Djazh.
250 _aTjet. 7.
260 _aDjakarta :
_bBalai Pustaka,
_c1965.
300 _a188 p. :
_bill. ;
_c18 cm.
500 _aA novel.
999 _c84905
_d84905